Literatúra 9 pracovný zošit z literatúry pre 9. ročník ZŠ

Bibliographic Details
Main Author: Sviteková, Renáta (Author)
Other Authors: Kassay, Attila (Illustrator)
Format: Book
Language:Slovak
PhysicalDescription:100 strán ilustrácie 30 cm
Published: Košice Taktik 2021
ISBN:9788081802485
Edition:Prvé vydanie
Subjects:

MARC

LEADER 00000nam a2200000 4500
001 vtls012233359
003 SK-MaSNL
005 20260302042929.0
008 230620s2021 xo a crnp 000 0 slo
015 |a SNBA2023/07 
020 |a 9788081802485  |q (brožované) 
040 |a SNK  |b slo  |c SNK  |e rda 
041 0 |a slo 
043 |a e-xo--- 
044 |a xo  |c SK 
072 7 |a 82  |x Literatúra. Literárny život  |2 konspekt 
072 7 |a 37.016  |x Učebné osnovy. Vyučovacie predmety. Učebnice  |2 konspekt 
080 |a 82  |2 2011 
080 |a (075.2)  |2 2011 
100 1 |a Sviteková, Renáta  |4 aut  |9 342310 
245 1 0 |a Literatúra 9  |b pracovný zošit z literatúry pre 9. ročník ZŠ  |c Renáta Sviteková ; ilustrátor: Attila Kassay 
246 3 4 |a Literatúra 9 v pohode 
246 1 |i Obálkový podnázov:  |a Pracovný zošit pre 9. ročník ZŠ : v súlade s inovovaným ŠVP 
250 |a Prvé vydanie 
264 1 |a Košice  |b Taktik  |c 2021 
300 |a 100 strán  |b ilustrácie  |c 30 cm 
336 |a text  |b txt  |2 rdacontent 
337 |a bez média  |b n  |2 rdamedia 
338 |a zväzok  |b nc  |2 rdacarrier 
504 |a Bibliografia na strane 102-103 
521 8 |a Pre 9. ročník ZŠ 
650 0 7 |a slovenská literatúra  |2 SNKPH  |9 1115 
650 0 7 |a Slovak literature  |2 SNKPHeng  |9 265073 
650 0 7 |a svetová literatúra  |2 SNKPH  |9 1433 
650 0 7 |a World literature  |2 SNKPHeng  |9 265627 
655 7 |a učebnice základných škôl  |2 SNKPH  |9 70187 
655 7 |a Textbooks (elementary)  |2 SNKPHeng  |9 276977 
700 1 |a Kassay, Attila  |4 ill  |9 342311 
852 |a Slovenská národná knižnica 
919 |a 978-80-8180-248-5 
954 |a odborná, vedecká literatúra pôvodná (slovenská)  |2 lita 
999 |c 1084713  |d 1086643 
952 |a SNK  |b SNK  |y PREZ  |7 0  |p 17A1530634  |o snkSB 99261  |i snk2023/9722  |8 0  |0 0  |1 0  |4 0  |d 2023-06-20  |l 0  |r 2025-05-22 00:00:00  |w 2026-02-24 
952 |a SNK  |b SNK  |y VYP  |7 0  |p 17A1530635  |o snkSB 99261 D1  |i snk2023/9723  |8 0  |0 0  |1 0  |4 0  |d 2023-06-20  |l 0  |r 2026-05-15 11:11:13  |w 2026-02-24